Missing Word: This Day in History (March) Quiz Stats

 Plays Quiz Updated Mar 1, 2020

Support Sporcle.
Go Orange.
Score 0/31 Timer 05:00
0 Plays Today
Date Answer % Correct
11th (1302)Romeo
95.8%
2nd (1965)Sound
94.7%
5th (1963) Hula
91.7%
17th (1756)Patrick's
91.6%
12th (1918)Moscow
90.3%
19th (1953)Academy
89.5%
15th (1938)Oil
88.9%
31st (1889)Eiffel
87.8%
16th (1850)Scarlet
87.2%
6th (1969)McCartney
84.1%
27th (1625)Ireland
83.4%
30th (1867)Alaska
77.5%
18th (1881)Barnum
77%
21st (1963)Alcatraz
76.3%
24th (1989)Valdez
74.1%
23rd (1998)Titanic
72.6%
Date Answer % Correct
9th (1776)Nations
71.8%
28th (1979)Three
71.8%
14th (1964)Ruby
71%
13th (1519)Cortés
69.8%
3rd (1992)Yugoslavia
67.9%
1st (1954)Bikini
66.8%
20th (1995)Tokyo
65.6%
7th (322bc)Aristotle
64.8%
4th (1980)Mugabe
64.3%
10th (1910)Hollywood
64.3%
25th (1306)Bruce
58.1%
26th (1937)Popeye
49.8%
22nd (1945)League
47.8%
29th (1967)Submarine
43.7%
8th (1618)Planetary
35%

Today's Daily Dose

Missing Word
90s UK #1s

Word Ladder
Full Score

Quick Pick
Prime Books

Get the Picture
Big 4 'P' All-Stars

From the Vault

2017 NFL Hall of Fame

by pdigoe

Sports 60s
They all have sculptures in the Hall of Fame, but they are anything but busts.
Remove Ads.
Support Sporcle.
Get the best of Sporcle when you Go Orange. This ad-free experience offers more features, more stats, and more fun while also helping to support Sporcle. Thank you for becoming a member.

Show Comments

Extras

Top Quizzes Today


Score Distribution

Your Account Isn't Verified!

In order to create a playlist on Sporcle, you need to verify the email address you used during registration. Go to your Sporcle Settings to finish the process.

Report this User

Report this user for behavior that violates our Community Guidelines.

Details: